Detalles MARC
| 000 -LEADER |
| campo de control de longitud fija |
02258cam a22005294i 4500 |
| 003 - IDENTIFICADOR DE NÚMERO DE CONTROL |
| campo de control |
PE-LiUPU |
| 005 - FECHA Y HORA DE LA ÚLTIMA TRANSACCIÓN |
| campo de control |
20250731180101.0 |
| 008 - DATOS DE LONGITUD FIJA--INFORMACIÓN GENERAL |
| campo de control de longitud fija |
170227s2004 sp a r 000 0 spa d |
| 020 ## - NÚMERO INTERNACIONAL ESTÁNDAR DEL LIBRO |
| Número Internacional Estándar del Libro |
8448142780 |
| 020 ## - NÚMERO INTERNACIONAL ESTÁNDAR DEL LIBRO |
| Número Internacional Estándar del Libro |
9788448142780 |
| 035 ## - NÚMERO DE CONTROL DEL SISTEMA |
| Número de control de sistema |
(Sirsi) a167177 |
| 040 ## - FUENTE DE CATALOGACIÓN |
| Centro catalogador/agencia de origen |
PE-LiUPU |
| Lengua de catalogación |
spa |
| Centro/agencia transcriptor |
PE-LiUPU |
| Normas de descripción |
rda |
| 049 ## - FONDOS LOCALES (OCLC) |
| Biblioteca depositaria |
PRUA |
| 082 04 - NÚMERO DE LA CLASIFICACIÓN DECIMAL DEWEY |
| Número de clasificación |
510 |
| Cutter |
L68 |
| Número de edición |
21 |
| 100 1# - ENTRADA PRINCIPAL--NOMBRE DE PERSONA |
| Nombre de persona |
Lipschutz, Seymour., |
| Término indicativo de función/relación |
autor. |
| 245 13 - MENCIÓN DEL TÍTULO |
| Título |
2000 problemas resueltos de matemática discreta / |
| Mención de responsabilidad, etc. |
Lipschutz, Seymour, Lars Lipson, Marc ; traduccin, Mara Victoria Rolln. |
| 264 #1 - PRODUCCIÓN, PUBLICACIÓN, DISTRIBUCIÓN, FABRICACIÓN Y COPYRIGHT |
| Producción, publicación, distribución, fabricación y copyright |
Madrid ; |
| -- |
Espaą : |
| Nombre del de productor, editor, distribuidor, fabricante |
Mcgraw-Hill/Interamericana, |
| Fecha de producción, publicación, distribución, fabricación o copyright |
2004. |
| 300 ## - DESCRIPCIÓN FÍSICA |
| Extensión |
vii, 420 páginas : |
| Otras características físicas |
ilustraciones ; |
| Dimensiones |
28 centimetros |
| 336 ## - TIPO DE CONTENIDO |
| Término de tipo de contenido |
text |
| Fuente |
rdacontent |
| 337 ## - TIPO DE MEDIO |
| Nombre/término del tipo de medio |
unmediated |
| Fuente |
rdamedia |
| 338 ## - TIPO DE SOPORTE |
| Nombre/término del tipo de soporte |
volume |
| Fuente |
rdacarrier |
| 505 0# - NOTA DE CONTENIDO CON FORMATO |
| Nota de contenido con formato |
Teoría de conjuntos. -- Capítulo 2. Relaciones. -- Capítulo 3. Funciones. -- Capítulo 4. Vectores y matrices. -- Capítulo 5. Teoría de grafos. -- Capítulo 6. Grafos plantares y árboles. -- Capítulo 7. Grafos dirigidos y árboles binarios. -- Capítulo 8. Análisis combinatorio. -- Capítulo 9. Sistemas algebraicos. -- Capítulo 10. Lenguajes, gramáticas, autómatas. -- Capítulo 11. Conjuntos ordenados y retículos. -- Capítulo 12. |
| 526 ## - NOTA DE INFORMACIÓN SOBRE EL PROGRAMA DE ESTUDIO |
| Nombre del programa |
Segunda Especialidad En Estadística Aplicada Para Investigación (A Distancia) |
| 526 ## - NOTA DE INFORMACIÓN SOBRE EL PROGRAMA DE ESTUDIO |
| Nombre del programa |
Segunda Especialidad En Estadística Aplicada Para Investigación |
| 526 ## - NOTA DE INFORMACIÓN SOBRE EL PROGRAMA DE ESTUDIO |
| Nombre del programa |
Odontología |
| 526 ## - NOTA DE INFORMACIÓN SOBRE EL PROGRAMA DE ESTUDIO |
| Nombre del programa |
Tecnología Médica En Terapia Física Y Rehabilitación (A Distancia) |
| 526 ## - NOTA DE INFORMACIÓN SOBRE EL PROGRAMA DE ESTUDIO |
| Nombre del programa |
Tecnología Médica En Terapia Física Y Rehabilitación (Semipresencial) |
| 526 ## - NOTA DE INFORMACIÓN SOBRE EL PROGRAMA DE ESTUDIO |
| Nombre del programa |
Tecnología Médica En Laboratorio Clínico Y Anatomía Patológica |
| 526 ## - NOTA DE INFORMACIÓN SOBRE EL PROGRAMA DE ESTUDIO |
| Nombre del programa |
Ingeniería De Ciencia De Datos E Inteligencia Artificial |
| 526 ## - NOTA DE INFORMACIÓN SOBRE EL PROGRAMA DE ESTUDIO |
| Nombre del programa |
Ingeniería Ambiental (Semipresencial) |
| 526 ## - NOTA DE INFORMACIÓN SOBRE EL PROGRAMA DE ESTUDIO |
| Nombre del programa |
Nutrición humana |
| 526 ## - NOTA DE INFORMACIÓN SOBRE EL PROGRAMA DE ESTUDIO |
| Nombre del programa |
Medicina humana |
| 526 ## - NOTA DE INFORMACIÓN SOBRE EL PROGRAMA DE ESTUDIO |
| Nombre del programa |
Ingeniería de industrias alimentarias |
| 526 ## - NOTA DE INFORMACIÓN SOBRE EL PROGRAMA DE ESTUDIO |
| Nombre del programa |
Ingeniería civil |
| 526 ## - NOTA DE INFORMACIÓN SOBRE EL PROGRAMA DE ESTUDIO |
| Nombre del programa |
Ingeniería ambiental |
| 526 ## - NOTA DE INFORMACIÓN SOBRE EL PROGRAMA DE ESTUDIO |
| Nombre del programa |
Enfermería |
| 526 ## - NOTA DE INFORMACIÓN SOBRE EL PROGRAMA DE ESTUDIO |
| Nombre del programa |
Educación secundaria, especialidad matemática e informática |
| 526 ## - NOTA DE INFORMACIÓN SOBRE EL PROGRAMA DE ESTUDIO |
| Nombre del programa |
Educación secundaria, especialidad ambiental, biología y química |
| 596 ## - |
| -- |
1 |
| 650 04 - PUNTO DE ACCESO ADICIONAL DE MATERIA--TÉRMINO DE MATERIA |
| Término de materia o nombre geográfico como elemento de entrada |
Computer science |
| Subdivisión general |
Mathematics |
| Subdivisión de forma |
Problems, exercises, etc. |
| 650 04 - PUNTO DE ACCESO ADICIONAL DE MATERIA--TÉRMINO DE MATERIA |
| Término de materia o nombre geográfico como elemento de entrada |
Matemt̀icas |
| Subdivisión general |
problemas ejercicios, etc. |
| 910 ## - DATOS DE OPCIÓN DEL USUARIO (OCLC) |
| Datos de opción del usuario |
jck |
| -- |
jvq |
| -- |
jck |
| -- |
20170227. |
| 942 ## - ELEMENTOS DE ENTRADA SECUNDARIOS (KOHA) |
| Fuente del sistema de clasificación o colocación |
Clasificación Decimal Dewey |
| Tipo de ítem Koha |
|
| 949 ## - PROCESAMIENTO DE INFORMACIÓN LOCAL (OCLC) |
| w |
DEWEY |
| c |
1 |
| i |
70730 |
| l |
CATALOGING |
| m |
BUL |
| p |
200.00 |
| r |
0 |
| s |
Y |
| t |
BOOK |
| u |
2017-02-27 |
| x |
INGENIERIA |
| -- |
P27 |
| 0 |
COMPRA |
| o |
.CIRCNOTE. El documento es de alto precio. |
| -- |
.STAFF. Colección Ingeniería y Arquitectura |
| 999 ## - NÚMEROS DE CONTROL DE SISTEMA (KOHA) |
| -- |
LC |
| -- |
70083 |
| -- |
2021-11-9 |
| -- |
4 |
| -- |
LOST-CLAIM |
| -- |
CCODEBUL1 |
| -- |
BUL |
| -- |
200.00 |
| -- |
0 |
| -- |
Y |
| -- |
BOOK |
| -- |
2017-2-27 |
| -- |
INGENIERIA |
| -- |
P27 |
| -- |
COMPRA |
| -- |
.STAFF. Colección Ingeniería y Arquitectura |
| 980 ## - EQUIVALENCIA O REFERENCIA-CRUZADA-MENCIÓN DE SERIE--NOMBRE DE PERSONA/TÍTULO [LOCAL, CANADÁ] |
| ID del último usuario que modificó el registro |
1 |
| Nombre del último usuario que modificó el registro |
ALBERTO SANCHEZ Responsable de Automatización |